• 首页
  • 本馆介绍
  • 公告通知
  • 最新文献
  • 馆藏检索
  • 电子资源
  • 读者导购
  • 参考咨询
  • 我的图书馆
  • 登录
  • 详细信息显示
  • 放入我的书架
  • 预约/预借图书
  • 作者相关作品
  • 分类相关作品
  • 丛书相关作品
  • 出版社相关作品

书目信息

  • 表格格式
  • 工作单格式
  • 卡片格式
题名:
汽车制造工艺学
    
 
作者: 曾东建 主编
分册:  
出版信息: 北京   机械工业出版社  2006
页数: 350页
开本: 26cm
丛书名:
单 册:
中图分类: U466
科图分类:
主题词: 汽车--生产工艺--高等学校--教材 , 汽车
电子资源:
ISBN: 7-111-17452-6
000 00892nam0 2200253 450
001 012015000331
005 20150911083017.15
010    @a7-111-17452-6@dCNY30.00
100    @a20050119d2006 em y0chiy50 ea
101 0  @achi
102    @aCN@b110000
105    @ay z 000yy
106    @ar
200 1  @a汽车制造工艺学@Aqi che zhi zao gong yi xue@f曾东建主编
210    @a北京@c机械工业出版社@d2006
215    @a350页@d26cm
300    @a21世纪高等学校教材 普通高等教育“十一五”汽车类专业(方向)规划教材
330    @a本书系统阐述了汽车设计制造专业所需要的工艺基本理论和知识。主要包括汽车制造过程概念、汽车及其零件制造常用制造工艺基础知识、工件的机械加工质量、工件的定位和机床夹具等内容。
606 0  @a汽车@x生产工艺@x高等学校@j教材
606 0  @a汽车
690    @aU466@v5
701  0 @a曾东建@Azeng dong jian@4主编
801  0 @aCN@b碧洲教育@c20150716
905    @a10447@f4@dU466@e251
    
    汽车制造工艺学/曾东建主编.-北京:机械工业出版社,2006
    350页;26cm
    21世纪高等学校教材 普通高等教育“十一五”汽车类专业(方向)规划教材
    
    ISBN 7-111-17452-6:CNY30.00
    本书系统阐述了汽车设计制造专业所需要的工艺基本理论和知识。主要包括汽车制造过程概念、汽车及其零件制造常用制造工艺基础知识、工件的机械加工质量、工件的定位和机床夹具等内容。
●
相关链接 在E读中查询图书 在五车中查询图书 在当当中查询图书 在豆瓣中查询图书


正题名:汽车制造工艺学     索取号:U466/251         预约/预借

序号 登录号 条形码 馆藏地/架位号 状态 备注
1 0849718   208497189   第二样本阅览室/ [索取号:U466/251] 在馆    
2 0849719   208497198   第三借阅区/ [索取号:U466/251] 在馆    
3 0849720   208497205   第三借阅区/ [索取号:U466/251] 在馆    
4 0849721   208497214   密集书库-物理学院/ [索取号:U466/251] 在馆    
唐山师范学院图书馆 欢迎您!
大连网信软件有限公司© 版权所有